LEADER 01409nam a2200301 4500 001 000000345469 003 CaOOAMICUS 005 20210518123412.0 008 210422s2021 it a 000 u ita r 020 $a978-88-929803-8-9 040 $aSeMil$bita 100 1 $aLeoni, Alberto,$d<1957- >.$0(OLS)http://semarc/name/113627 245 11$aŤO tutti o nessuno!ť :$bstoria dei ritratti dei 123 sacerdoti e religiosi morti in Emilia-Romagna nella seconda guerra mondiale /$cAlberto Leoni. 264 1$aMilano :$bAres,$c2021. 300 $a188 p. :$bill. ;$c19 cm 490 1 $aFaretra 541 0 $aOmaggio mons. Mario Delpini (3G I 469) 650 4$aEmilia Romagna - Storia religiosa.$0(OLS)http://semarc/subject/6999 650 4$aSacerdoti cattolici - Guerra Mondiale <1939-1945>.$0(OLS)http://semarc/subject/17613 830 0$aFaretra.$0(OLS)http://semarc/title/13588 850 $aSeMil 852 $aSeMil$W1$xVenegono$y1$m3G I 469$j226183$B236554$CSeMilBibl$Z2$F236554 $81 941 1 $a7 961 $aOmaggio mons. Mario Delpini 996 $6020$a978-88-929803-8-9$9(OLS)http://semarc/number/292949 996 $6245$aŤO tutti o nessuno!ť :$bstoria dei ritratti dei 123 sacerdoti e religiosi morti in Emilia-Romagna nella seconda guerra mondiale$9(OLS)http://semarc/title/434616 996 $6264$aMilano :$bAres$9(OLS)http://semarc/publisher/30250 LEADER 01209nam a2200277 i 4500 001 000000249538 003 CaOOAMICUS 005 20160530000000.0 008 160530s2015 it u000 u ita u 013 $a228443 020 $a978-88-394-0879-2 040 $aSeMil$bita 100 1 $aPilch, John J. <1936-2016>.$0(OLS)http://semarc/name/19979 240 12$aA cultural handbook to the Bible.$0(OLS)http://semarc/title/351728 245 10$aIntroduzione al mondo culturale della Bibbia /$cJohn J. Pilch. 260 $aBrescia :$bPaideia,$c2015. 300 $a314 p. ;$c23 cm. 490 0 $aIntroduzione allo studio della Bibbia. Supplementi ;$v66 650 4$aBibbia - Introduzioni.$0(OLS)http://semarc/subject/748 830 0$aIntroduzione allo studio della Bibbia. Supplementi ;$v66.$0(OLS)http://semarc/title/5853 850 $aSeMil 852 $aSeMil$W1$xVenegono$y1$m2WA J 66$j251299$B199884$CSeMilBibl$Z2$F211408 $81 961 $aSottoscrizione: Paideia 996 $6020$a978-88-394-0879-2$9(OLS)http://semarc/number/259702 996 $6245$aIntroduzione al mondo culturale della Bibbia$9(OLS)http://semarc/title/351727 996 $6260$aBrescia :$bPaideia$9(OLS)http://semarc/publisher/29614